000
00284nam a2200133Ia 4500
008
240624s9999 xx 000 0 und d
041
_a
eng
082
_a
658.4092 MAR
100
_a
MARCH JAMES G
245
_a
ON LEADERSHIP
260
_c
2005
300
_a
148 : p.
365
_c
_b
28
999
_c
28034
_d
28034